| 000 | 01011nam0a2200289 4500 | ||
|---|---|---|---|
| 001 | RU\NLR\BIBL_A\011364410 | ||
| 005 | 20260406040811.0 | ||
| 021 |
_aRU _b2017-18338 _91351 |
||
| 035 | _a(RuMoRGB)008826650 | ||
| 035 | _a(NLR Aleph) 011364410 | ||
| 090 |
_a11316430 _c11316430 |
||
| 100 | _a20170410d2017 u y0rusy50 ca | ||
| 101 | 0 | _arus | |
| 102 | _aRU | ||
| 105 | _aac||zzzz0||zd | ||
| 200 | 1 |
_aБатюшкины уроки _fпротоиерей Владимир Головин |
|
| 210 |
_aМосква _cТренды и традиции _d2017 |
||
| 215 |
_a211, [1] с. _cил., портр. _d17 |
||
| 606 |
_aПроповеди христианские _92393343 _3RU\NLR\AUTH\661427106 |
||
| 686 |
_aЭ372.24-462.2я44 _2rubbk |
||
| 686 | 2 | _aЭ376.11-462.1 | |
| 700 | 1 |
_7ca _8rus _aГоловин _bВ. Г. _gВладимир Григорьевич _9111341 _3RU\NLR\AUTH\771314 |
|
| 942 | _cBOOK | ||
| 980 | _aNBR | ||